000 00608nam a2200241Ia 4500
003 OSt
005 20221007071136.0
006 a|||||r|||| 00| 0
007 ta
008 221006b |||||||| |||| 00| 0 eng d
024 _a18,667
037 _cTextual
040 _aFLL
_cFLL
_beng
041 _2eng
_aeng
082 _aZ1:2674, J5.2
100 _aPinner H.L.
_9154167
245 0 _aWorld copyright
260 _aLeyden
_bA.W. Sythoff Leyden
_c1954
300 _a854p
_ccm.
490 _vVol. 2
942 _hZ1:2674, J5.2
_cTEXL
_2CC
999 _c1142566
_d1142566